Дело о введении в Маримонтском институте сельского хозяйства (под Варшавой) курсов лесоводства; об утверждении учебной программы...

Доступно только в Электронных читальных залах Найти на картеНа карте
RUSMARC
00004330nmc2a2200000 x 450
00140647bdf-3dd5-4025-bae7-cdafcce499c2
00520170425133416.0
100##$a20141010l18401845k l0rusy0189 ca
1010#$arus
102##$aRU
2001#$aДело о введении в Маримонтском институте сельского хозяйства (под Варшавой) курсов лесоводства; об утверждении учебной программы, устава и штатов института
$j3 февраля 1840 г. - 15 октября 1845 г.
251##$cДело
300##$aДело
300##$aОриг. заголовок дела: Дело об образовании Института сельского хозяйства и лесоводства. При этом четыре плана. Планы находятся в ящике с общими, где бюст императора. 3 февраля 1840 г. - 15 октября 1845 г
801#0$aRU
$bРГИА
$c20141010
$gRCR
801#1$aRU
$bГлавНИВЦ
$c20141010
$2rusmarc
801#2$aRU
$bПБ им. Б.Н. Ельцина
$c20170425
$gRCR
$2rusmarc
850##$aРГИА
852##$aРГИА
$eФедеральное казенное учреждение "Российский государственный исторический архив" (РГИА)
$j27
937##$hРГИА
$d11182746
$aASBIBLIO_SCAN
462#0$10015a39e5d3-dc69-4a86-ab96-9d2e08e41784
$12001
$aДела Департамента народного просвещения по Варшавскому учебному округу
$1251
$cОпись
$1852
$j77
461#0$1001a74412a3-3cc5-4d21-8f0a-dfe2fbd9e72d
$12001
$aДепартамент народного просвещения Министерства народного просвещения (1803-1917)
$1251
$cФонд
$1852
$j733
215##$a240 л.
$d36,5x26 см
371##$aДокумент не является опубликованным и широко распространяемым
105##$ay###
1222#$ad
5171#$aДело об образовании Института сельского хозяйства и лесоводства. При этом четыре плана. Планы находятся в ящике с общими, где бюст императора. 3 февраля 1840 г. - 15 октября 1845 г
035##$a40647bdf-3dd5-4025-bae7-cdafcce499c2
856##$uhttp://readingroom.main.prlib.ru/item.aspx?id_node=n97581325&mode=full
Формат отображения